03307nam a2200541Ia 45000010005000000080041000050100009000460410014000550820014000692450233000832600011003163000008003275200007003356300018003426300029003606300028003896500022004176900016004397000023004557000044004787000042005229010095005649020006006599030031006659040018006969050025007149060006007399070014007459080014007599090051007739100015008249110010008399120014008499130009008639140028008729150012009009160009009129170009009219180014009309190024009445201738009689210007027069220007027139230006027209240014027269420010027409990015027501731241029s9999 xx 000 0 und d a1618 aEspañol aNO APLICA 0aDiagnóstico de los servicios del Departamento de Extensión de la Universidad Católica Nordestana (UCNE) de las vinculación con los miembros organizados de las comunidades de San Francisco de Macorís, Período 2007-03. aDuarte a127 a33 aDiagnóstico aInstituciones Educativas aServicios Estudiantiles aCalidad Educativa aSintetizado easesoraMena, Alma eautora Faña Hidalgo, José Emmanuel eautora Hidalgo María, Ana Celeste  a{"1":" Faña Hidalgo","2":" Hidalgo María"}b{"1":"José Emmanuel","2":"Ana Celeste "} a1 a{"1":"Mena"}b{"1":"Alma"} aMagíster en aEnseñanza Superior a2 aNO APLICA aNO APLICA aUniversidad Autónoma de Santo Domingo (UASD) aNULLbNULL a["1"] aNO APLICA aNULL a03 de Noviembre de 2008 a-693625 aNULL aNULL aNO APLICA a["217","121","183"] aEl objetivo del estudio fue diagnosticar los servicios del Departamento de Extensión de la Universidad Católica Nordestana y su vinculación con miembros organizados de las comunidades de San Francisco de Macorís.Para este estudio se escogió una población universo constituida por tres mil quinientos cuarenta y cuatro (3,544) estudiantes, trescientos quince (315) docentes, ciento cincuenta y tres (153) personas correspondientes al área administrativa, sesenta y cinco (65) representantes de grupos organizados de las comunidades, los instrumentos utilizados fueron cuestionarios de preguntas cerradas.El estudio arrojó lo siguientes resultados: se demostró que los estudiantes (85.9%), docentes (100%), personal administrativo (100%) de la Universidad Católica Nordestana (UCNE) y miembros organizados de las comunidades (75%) de San Francisco de Macorís tienen conocimiento de la existencia de un Departamento de Extensión en dicha Universidad. En relación a los programas que implementa el Departamento de Extensión, se pudo comprobar que toda la población objeto de estudio tiene conocimiento de los mismos y clasificaron la labor del Departamento de Extensión como buena, estudiantes, docentes, personal administrativo y las comunidades como deficiente.Se le recomienda al Departamento de Extensión de las UCNE realizar una restauración ha dicho departamento, donde involucren personal extranjero que sirva de mediador entre el departamento y la comunidad, rediseñar el manual de procedimiento a fin de propiciar informaciones claras, precisas y orientadas a mejorar el bienestar de la comunidad y la sociedad francomacorisana.Para visualizar este estudio en su totalidad haga click aquí a16 a16 a0 aNO APLICA cTesis c1618d1618